000 00854cam a2200241 a 4500
001 11914290
005 20180310024214.0
008 000216s2000 nyua b 001 0 eng
010 _a 00025087
020 _a0801437075 (alk. paper)
040 _aDLC
_cDLC
_dDLC
041 _aeng
043 _an-us---
080 _a342.730
082 0 0 _a342.730 SCH
_221
100 1 _a20
101 _aSHP
245 1 0 _aIs the fetus a person? :
_cJean Reith Schroedel.
504 _aIncludes bibliographical references (p. 191-210) and indexes.
906 _a7
_bcbc
_corignew
_d1
_eocip
_f20
_gy-gencatlg
942 _2ddc
_cBK
999 _c44646
_d44646